PASTORALE (Record n. 105080)

Dettagli MARC
000 -LEADER
fixed length control field 01455agaaa2200325 4500
001 - CONTROL NUMBER
control field 9077
003 - CONTROL NUMBER IDENTIFIER
control field IT-RoPAU
005 - DATE AND TIME OF LATEST TRANSACTION
control field 20220918181228.0
007 - PHYSICAL DESCRIPTION FIXED FIELD--GENERAL INFORMATION
fixed length control field d cvaizq
008 - FIXED-LENGTH DATA ELEMENTS--GENERAL INFORMATION
fixed length control field 50131s9999||||xx ||| | || ||und||
040 ## - CATALOGING SOURCE
Original cataloging agency IT-RoPAU
Transcribing agency IT-RoPAU
041 ## - LANGUAGE CODE
Language code of text/sound track or separate title ITALIANO
100 ## - MAIN ENTRY--PERSONAL NAME
Personal name Iosseliani Otar
Miscellaneous information Codice regista SPICS: 13303
9 (RLIN) 39351
130 ## - MAIN ENTRY--UNIFORM TITLE
Uniform title PASTORALE
9 (RLIN) 39352
240 ## - UNIFORM TITLE
Uniform title PASTORAL
Miscellaneous information T2194
245 ## - TITLE STATEMENT
Title PASTORALE
Statement of responsibility, etc. Prodotto da: Tskonia R. -- Sceneggiatura: Ioseliani Otar Inanisvili Rezo Mechrisvili Otar -- Diretto da: Iosseliani Otar
Name of part/section of a work PASTORALE (Rif. Codice opera principale : 29077)
246 ## - VARYING FORM OF TITLE
Title proper/short title PASTORAL
250 ## - EDITION STATEMENT
Edition statement Edizione Standard
260 ## - PUBLICATION, DISTRIBUTION, ETC. (IMPRINT)
Place of publication, distribution, etc. GEORGIA (ITALIA)
Name of publisher, distributor, etc. STUDIO KARTULI FILM /
Date of manufacture "1975 (1° ed.: 1985 ; Ed. Lingua Orig.: 1975)"
300 ## - PHYSICAL DESCRIPTION
Extent VHS
Other physical details sonoro, col.
Dimensions 105 minuti
508 ## - CREATION/PRODUCTION CREDITS NOTE
Creation/production credits note "Montaggio: Marghisvili G.; Musica: Couperin Francois; Sceneggiatura: Ioseliani Otar Inanisvili Rezo Mechrisvili Otar; Scenografia: Rurua Vachtang; "
511 ## - PARTICIPANT OR PERFORMER NOTE
Participant or performer note "Tcharkhaliscvili Rezo; Tohadze-Djougali Lya; Piphia Nestor; Karzivadze Marina"
520 ## - SUMMARY, ETC.
Summary, etc. ARRANGIAMENTO MUSICA DI BAKURADZE/T. DAI TEMI DI COUPERIN E BRAHMS
538 ## - SYSTEM DETAILS NOTE
System details note PAL, STEREO
546 ## - LANGUAGE NOTE
Language note ITALIANO
650 ## - SUBJECT ADDED ENTRY--TOPICAL TERM
Topical term or geographic name as entry element DRAMMATICO
Relator term FILMS [VHS]
General subdivision Codice MATERIA SPICS: 9960
9 (RLIN) 34083
700 ## - ADDED ENTRY--PERSONAL NAME
Personal name Couperin Francois
Relator term (musica)
Miscellaneous information Codice Musica SPICS: 10665
9 (RLIN) 39353
700 ## - ADDED ENTRY--PERSONAL NAME
Personal name Iosseliani Otar
Relator term (regista)
Miscellaneous information Codice regista SPICS: 13303
9 (RLIN) 39354
942 ## - ADDED ENTRY ELEMENTS (KOHA)
Koha item type VHS - VIDEO
Source of classification or shelving scheme Dewey Decimal Classification
Dati di copia
Withdrawn status Lost status Damaged status Not for loan Home library Current library Date acquired Total Checkouts Full call number Date last seen Price effective from Koha item type Public note
    Buone Condizioni Not For Loan SPICS-MEDIATECA SPICS-MEDIATECA 31/01/2015   29077 31/01/2015 31/01/2015 VHS - VIDEO Progr. Ins.: 1784 / N.Vol.:1 / Copie: 1 / Pag.: / Copia rara: SI / date import: 1.2.2015 / By Epidotti, Trombetti, Vaglietti
CREDITS: SOCIETA' SAN PAOLO Via A.Severo, 58 - ROMA (RM) & PERIODICI SAN PAOLO SRL Via Giotto, 36 MILANO & CISF Via Giotto, 36 MILANO & EDIZIONI SAN PAOLO SRL,  Piazza Soncino, 5 CINISELLO BALSAMO (MI) -- ITALY